000 00292nam a22001337a 4500
008 170127b xxu||||| |||| 00| 0 eng d
020 _a9780131589988
041 _aeng
080 _24TH
_a61
100 _a3
101 _aSHM
245 _aMEDICAL TERMINOLOGY
_cFREMGEN, B.F
942 _2udc
_cBK
999 _c3848
_d3848